Émission d'Enfance au Québec par Images - 2 - Statistiques

Statistiques générales
  • Ce quiz a été pris 85 fois
  • Le résultat moyen est 6 sur 16
Statistiques - réponses
Par images Réponse % Correct
Caillou
97%
Cornemuse
76%
Les Daltons
76%
Maya l'Abeille
66%
Kaboum
54%
Zorro
53%
Sam le Pompier
51%
Docteur la Peluche
35%
Les As de la Jungle
34%
Le Dernier Passager
26%
L'Apprenti Père Noël
13%
Mini Ninjas
9%
Ni Hao, Kai-Lan
7%
Les Légendes de Tatonka
6%
Grabouillon
3%
Walter et Tandoori
0%
Aucun quiz correspondant
Distribution des résultats
% des personnes avec chaque résultat
Percentile par nombre de réponses
Votre historique - résultats
Vous n’avez pas pris ce quiz